LEADER 04181nam 22007935 450 001 9910676684403321 005 20260302133704.0 024 7 $a10.1007/978-3-031-20010-6 035 $a(CKB)5670000000618217 035 $a(DE-He213)978-3-031-20010-6 035 $a(NjHacI)995670000000618217 035 $a(MiAaPQ)EBC7211149 035 $a(Au-PeEL)EBL7211149 035 $a(OCoLC)1372700268 035 $a(ODN)ODN0010066386 035 $a(oapen)doab98516 035 $a(EXLCZ)995670000000618217 100 $a20230307d2023 u| 0 101 0 $aeng 135 $aurnn#008mamaa 181 $ctxt$2rdacontent 182 $cc$2rdamedia 183 $acr$2rdacarrier 200 12$aA Practical Guide on Behaviour Change Support for Self-Managing Chronic Disease /$fedited by Mara Pereira Guerreiro, Isa Brito Félix, Marta Moreira Marques 205 $a1st ed. 2023. 210 1$aCham :$cSpringer International Publishing :$cImprint: Springer,$d2023. 215 $a1 online resource (XXVI, 122 p. 15 illus., 12 illus. in color.) 311 08$a3-031-20009-8 311 08$a3-031-20010-1 320 $aIncludes bibliographical references and index. 327 $aChapter 1: Interprofessional learning outcomes-based curriculum to support behaviour change in persons self-managing chronic disease -- Chapter 2: Concepts and theories in behavior change to support chronic disease self-management -- Chapter 3: Identifying and assessing self-management behaviours -- Chapter 4: Implementing behaviour change strategies -- Chapter 5: Communication and person-centred behaviour change -- Chapter 6. Supplementary on-line resources for the development of behaviour change support competencies. 330 $aThis open access book is a valuable resource for students in health and other professions and practicing professionals interested in supporting effective change in self-management behaviors in chronic disease, such as medication taking, physical activity and healthy eating. Developed under the auspices of the Train4Health project, funded by the Erasmus+ program of the European Union, the book contains six chapters written by international contributors from different disciplines. Chapter one introduces the competencies necessary for delivering effective behavior change support, based on an established program of work, and related learning outcomes. The four following chapters describe how these competencies can be acquired, focusing on concepts and theories, assessing self-management behaviors, implementing change strategies and person-centered communication, using a practical approach. The last chapter points out supplementary learning resources, developed as part of the Train4Health project. 606 $aMedical sciences 606 $aPsychology 606 $aPhysiology 606 $aPharmacy 606 $aHealth Sciences 606 $aBehavioral Sciences and Psychology 606 $aPhysiology 606 $aPharmacy 606 $aPsicologia$2thub 606 $aMalalties cròniques$2thub 606 $aModificació de la conducta$2thub 606 $aAutogestió$2thub 608 $aLlibres electrònics$2thub 615 0$aMedical sciences. 615 0$aPsychology. 615 0$aPhysiology. 615 0$aPharmacy. 615 14$aHealth Sciences. 615 24$aBehavioral Sciences and Psychology. 615 24$aPhysiology. 615 24$aPharmacy. 615 7$aPsicologia 615 7$aMalalties cròniques 615 7$aModificació de la conducta 615 7$aAutogestió 676 $a610 686 $aMED000000$aMED072000$aPSY000000$aSCI056000$2bisacsh 700 $aGuerreiro$b Mara Pereira$01829922 702 $aGuerreiro$b Mara Pereira$4edt$4http://id.loc.gov/vocabulary/relators/edt 702 $aBrito Félix$b Isa$4edt$4http://id.loc.gov/vocabulary/relators/edt 702 $aMoreira Marques$b Marta$4edt$4http://id.loc.gov/vocabulary/relators/edt 801 0$bNjHacI 801 1$bNjHacl 906 $aBOOK 912 $a9910676684403321 996 $aA Practical Guide on Behaviour Change Support for Self-Managing Chronic Disease$94400061 997 $aUNINA